| 000 | 00784nam a2200205 a 4500 | ||
|---|---|---|---|
| 008 | 130403s2009 ||||||||||||||||| || u | ||
| 020 | _a9781408017463 | ||
| 050 | _aQC 21.2 Vui | ||
| 100 | _aSerway, Raymond A | ||
| 245 | 1 | 0 |
_aCollege Physics.(8th ed. adaptation) _cby Serway; Vuille and Faughn |
| 250 | _a8th ed. (Adaptation) | ||
| 260 |
_aLondon: _bBrooks/Cole _c2009 |
||
| 300 | _a936p.:ill. | ||
| 500 | _aText adapted from "College Physics", 8th ed. by Vuille; Serway and Faughn | ||
| 650 | _aPHYSICS--STUDY AND TEACHING (HIGHER) | ||
| 650 | _aPHYSICS--HANDBOOKS, MANUALS, ETC | ||
| 700 | _aVuille, Chris | ||
| 700 | _aFaughn, Jerry S | ||
| 995 |
_FCBU-MAIN LIBRARY (Kitwe) _M1 _UAVAILABLE _WApr 12, 2013 _ZShort Loan Collection |
||
| 999 |
_c37705 _d37705 |
||